000 00470nam a2200181 a 4500
020 _a0697126595
040 _cDLC
082 0 0 _a613 WCB 1994 C160 Or.
100 1 _aRobbins, Gwen.
245 1 2 _aA wellness way of life /
250 _a2nd ed.
260 _aMadison, Wis. :
_bWCB Brown & Benchmark Publishers,
_cc1994.
300 _axviii, 478 p. :
_bill. ;
_c24 cm.
650 0 _aHealth.
700 1 _aPowers, Debbie.
700 1 _aBurgess, Sharon.
942 _cAEDBB
999 _c19067
_d19067